=LDR 00000nam 2200000 4500 =001 INLIS000000000028623 =005 20200220102751 =035 ##$$a 0010-061300000028623 =008 200220###########################0###### =041 ##$$a Ind =082 ##$$a 131 =090 ##$$a 131, Cha r =100 ##$$a Chalil, M. Komarudin =245 1#$$a Rahaia menjadi pribadi sukses, M. Komarudin Chalil =260 ##$$a 2007 :$b Bandung =300 ##$$a xii, 92 hlm, 20 cm =650 #4$$a Sukses =850 ##$$a NBPNMAT